01220aam a2200385 450000500170000000800410001702000160005804100080007408200190008210000370010124500430013826000130018126000220019426000090021630000180022549000470024365000240029065000450031465000340035965000250039365000370041865000140045565000230046965000270049265000260051965000370054565000460058265000270062865000210065565000270067665000690070394200120077299900150078495200350079920251120151232.0150603b2002 xxu||||| |||| 00| 0 spa d a97026017210 aESP a658.562 AL374m aAlexander Servat, Alberto923145 aMejora continua y acción correctiva  aMéxico bPearson Educacion c2002 a247 páginas aDirección y Administración de Empresas aCONTROL DE CALIDAD  aMEJORA CONTINUA Y LA ACCIÓN CORRECTIVA aNORMA ISO 9001 VERSIÓN 2000 aMEJORA DE LA CALIDAD aMANEJO DE LA ACCIÓN CORRECTIVA aISO 14001 aSISTEMA DE CONTROL aAUDITORÍA DE CALIDAD aGESTIÓN DE CALIDAD  aELEMENTOS DEL SISTEMA DE CALIDAD aMETODOLOGÍA TÉCNICA DEL GRUPO NOMINAL aRECOLECCIÓN DE DATOS aJERARQUIZACIÓN aDISEÑO DE GRÁFICAS aLINEAMIENTOS PARA LA AUDITORÍA DE SISTEMA DE CALIDAD ISO 10011 cBK2ddc c1158d1158 o 658.562 AL374mp7517xDAEyBK